Návrh ATP pre výrobu dielca Trubka lôžka č. d. 441.0.5306-181.6 lisovaním : Diplomová práca

Gespeichert in:
Bibliographische Detailangaben
1. Verfasser: Hasáková, Andrea (Verfasst von)
Weitere Verfasser: Petráš, Karol (xxx)
Format: Manuskript Buch
Sprache:Slowakisch
Veröffentlicht: Trnava : SVŠT v Bratislave StF KMARTP, 1987
Schlagworte:
Tags: Tag hinzufügen
Keine Tags, Fügen Sie das erste Tag hinzu!

MARC

LEADER 00000ntm a22000003a 4500
001 stu78045
005 20160719162700.3
008 021121s1987----cs------------------slo-d
040 |a STU  |b slo 
041 0 |a slo 
044 |a cs 
100 1 |a Hasáková, Andrea  |4 aut 
245 1 |a Návrh ATP pre výrobu dielca Trubka lôžka č. d. 441.0.5306-181.6 lisovaním :  |b Diplomová práca 
260 |a Trnava :  |b SVŠT v Bratislave StF KMARTP,  |c 1987 
300 |a 71 s  |c abstr. + príl. 
650 7 |a technologické pracoviská  |2 stusub 
650 7 |a tvárnenie lisovaním  |2 stusub 
650 7 |a strojárske technológie  |2 stusub 
700 1 |a Petráš, Karol  |4 xxx 
996 |b 284M036948  |c M*DP-1648  |l MMSKP  |s P  |a 0  |w stu78045_0001